| 000 | 02987nam a2200361 4500 | ||
|---|---|---|---|
| 001 | 84 | ||
| 003 | OSt | ||
| 005 | 20250528074011.0 | ||
| 008 | 250123b |||||||d |||| 00| 1 eng d | ||
| 020 | _a850162901 | ||
| 040 | _bpor | ||
| 041 |
_heng _apor |
||
| 082 |
_a028.5 _bC116d |
||
| 100 | 1 |
_aCabot, Meg, _d1967- _9199 |
|
| 240 | _aThe Princess Diaries | ||
| 245 |
_aO diário da princesa / _cCabot, Meg ; Tradução de Ruy Jungmann |
||
| 250 | _a14° edição | ||
| 260 |
_aRio de Janeiro _bRecord _c2004 |
||
| 300 | _a284 p. | ||
| 490 | 1 |
_aO diário da Princesa _vLivro 01 |
|
| 500 | _aO diário da princesa | ||
| 520 | _aAdaptado para o cinema pelos Estúdios Disney, O diário da princesa, de Meg Cabot, é a história de Mia Thermopolis — uma típica adolescente americana que recebe uma notícia que vira sua vida de ponta cabeça. Mia sabe que é fruto de um caso que sua mãe teve há muitos anos e só vê o pai nas férias e no Natal. Até que um dia ele descobre que não pode mais ter filhos. Nada surpreendente se não fosse por um detalhe: Mia descobre que seu pai é um príncipe. Ou seja, de uma hora para outra a jovem é a única herdeira do trono da Genovia. Sendo uma princesa e na verdade se chamando Amelia Mignonette Grimaldi Thermopolis Renaldo, a vida de Mia muda completamente. Ela passa a ser abordada por paparazzis que invadem seu colégio para fotografá-la e como num passe de mágica ela é popular. Mas, ainda longe de ser uma Cinderela, a jovem se vê obrigada a deixar sua cidade, seu colégio e ainda por cima, ter aulas de boas maneiras com sua avó, uma européia tradicional. Se o sonho de muitas meninas da idade de Mia é ser uma princesa, para ela isso pode virar um verdadeiro pesadelo.O diário da princesa são lembranças de qualquer adolescente da idade de Mia. Ela vive em Nova York, em Greenwich Village, com a mãe, uma pintora de sucesso que de uma hora para outra começa a namorar seu professor de álgebra — um verdadeiro mico perante a turma. Mia é desajeitada, tem os pés enormes e diferente da maioria das amigas parece uma tábua de passar roupas. Sua melhor amiga, Lilly, é feiosa e comanda um programa de televisão no canal do colégio. Os sonhos mais quentes de seu diário se resumem em beijar Josh Richter — o garoto mais popular do colégio. A heroína de O diário da princesa irá conquistar os corações de todas as adolescentes ao redor do mundo que um dia sonharam em usar uma coroa cravejada de brilhantes. O livro de Meg Cabot é delicioso e divertido, repleto de referências a cultura pop americana. Para jovens, será como ler o diário de uma grande amiga. | ||
| 650 | 0 |
_aLiteratura Americana _984 |
|
| 650 | 0 |
_aHumor _960 |
|
| 650 | 0 |
_aAmor e Paixão _925 |
|
| 650 | 0 |
_aInfantojuvenil _9200 |
|
| 650 | 0 |
_aFilme _926 |
|
| 655 | 0 |
_aRomance _923 |
|
| 655 | 0 |
_aFicção _922 |
|
| 700 |
_aRuy Jungmann _eTradutor _9107 |
||
| 830 |
_aO diário da princesa _vLivro 01 _9201 |
||
| 942 |
_2ddc _n0 _cBK |
||
| 999 |
_c84 _d84 |
||